000 00600nam a2200193Ia 4500
003 GCL
008 140319s9999 xx 000 0 ara d
040 _aGCL /
_cGCL
082 0 4 _a347.08
_bا ا
100 1 _aمحمد زكى ابوعامر
245 1 0 _aالاجراءات المدنية /
_cمحمد زكى ابوعامر
260 _a[S.N] :
_bمنشاة المعارف الاسلامية ،
_c1991
300 _a1300 ص
490 _a
650 0 4 _aالقانون الجنائى
650 0 4 _aالقانون
650 0 4 _aقانون الاجراءات الجنائية
942 _2ddc
_cBK
999 _c37429
_d37429